Countries Furthest from the United States - Statistics

General Stats
  • This quiz has been taken 88,655 times
  • The average score is 15 of 20
Answer Stats
km country miles % Correct
11,948 South Africa 7424
97%
13,007 Madagascar 8082
89%
12,590 Lesotho 7823
86%
10,546 Kenya 6553
82%
11,574 Zimbabwe 7192
82%
12,629 Eswatini 7848
80%
11,861 Mozambique 7367
80%
10,687 Tanzania 6641
79%
10,953 Zambia 6806
79%
11,286 Botswana 7013
77%
10,507 Namibia 6529
77%
12,164 Seychelles 7558
76%
10,658 Somalia 6623
76%
10,636 Rwanda 6609
74%
13,018 Mauritius 8089
73%
10,353 Uganda 6433
73%
12,497 Comoros 7765
69%
10,698 Burundi 6648
66%
11,536 Malawi 7168
66%
10,513 Djibouti 6532
55%
No matching quizzes found
Score Distribution
Percent of People with Each Score
Percentile by Number Answered
Your Score History
You have not taken this quiz